La región más transparente

Novela que representa a la ciudad como principal personaje puesto que durante todo el escrito, se relatan sucesos de la vida de diferentes personas que se cruzan en algún punto de la historia. Esta obra publicada en 1958, se basa en el ensayo “Visión de Anáhuac” escrito por Alfonso Reyes, que culmin...

Full description

Saved in:
Bibliographic Details
Main Author: Fuentes, Carlos
Format: Book
Language:Undetermined
Published: Madrid, España Cátedra 1982
Subjects:
Tags: Add Tag
No Tags, Be the first to tag this record!

MARC

LEADER 00000nam a2200000Ia 4500
008 170316s9999 xx 000 0 und d
040 |a cru BVZT 
090 |a 860 F-9r 
100 |a Fuentes, Carlos  |9 305 
245 |a La región más transparente 
260 |a Madrid, España 
260 |b Cátedra 
260 |c 1982 
300 |a 565 páginas 
520 |a Novela que representa a la ciudad como principal personaje puesto que durante todo el escrito, se relatan sucesos de la vida de diferentes personas que se cruzan en algún punto de la historia. Esta obra publicada en 1958, se basa en el ensayo “Visión de Anáhuac” escrito por Alfonso Reyes, que culmina en una ciudad convulsa por la Decena Trágica (golpe militar para derrocar al presidente mexicano Francisco Madero en 1913) 
650 |a LITERATURA LATINOAMERICANA  |9 15 
999 |c 8679  |d 8679 
942 |c 15 D  |h 860 F-9r  |2 z